Úloha informací v manažerském rozhodování
Gespeichert in:
| Hauptverfasser: | , |
|---|---|
| Weitere Verfasser: | |
| Format: | Buch |
| Sprache: | Tschechisch |
| Veröffentlicht: |
Praha :
Grada Publishing,
2000
|
| Ausgabe: | 1. |
| Schlagworte: | |
| Tags: |
Keine Tags, Fügen Sie das erste Tag hinzu!
|
MARC
| LEADER | 00000nam a22000003a 4500 | ||
|---|---|---|---|
| 001 | stu55653 | ||
| 005 | 20251204075048.8 | ||
| 008 | 001117s2000----xr------------------cze-d | ||
| 020 | |a 80-7169-940-3 | ||
| 040 | |a STU |b slo | ||
| 041 | 0 | |a cze | |
| 044 | |a xr | ||
| 080 | |a 658.5 | ||
| 080 | |a 65/Úl (MTF STU) | ||
| 100 | 1 | |a Palmer, Sally |4 aut | |
| 245 | 1 | |a Úloha informací v manažerském rozhodování | |
| 250 | |a 1. | ||
| 260 | |a Praha : |b Grada Publishing, |c 2000 | ||
| 300 | |a 166 s | ||
| 650 | 7 | |a manažment |2 stusub | |
| 700 | 1 | |a Weaver, Margaret |4 aut | |
| 700 | 1 | |a Dolanský, Václav |4 trl | |
| 996 | |b 284M034630 |c M*10572-2 |l MMKN |s A |a 24 |w stu55653_0001 | ||
| 996 | |b 284M034631 |c M*10572-3 |l MMKN |s A |a 24 |w stu55653_0002 | ||